Loading...
Abraham lincoln: a play/
| Main Author: | |
|---|---|
| Format: | Printed Book |
| Language: | English |
| Published: |
Bombay:
Orient Longman,
1956.
|
| Subjects: |
| LEADER | 00518nam a22001457a 4500 | ||
|---|---|---|---|
| 008 | 170504b xxu||||| |||| 00| 0 eng d | ||
| 999 | |c 18094 |d 18094 | ||
| 082 | |a P 822 |b DRI | ||
| 100 | |a Drinkwater, John | ||
| 245 | |a Abraham lincoln: |b a play/ |c John Drinkwater | ||
| 260 | |a Bombay: |b Orient Longman, |c 1956. | ||
| 300 | |a 88p. | ||
| 650 | |a English drama | ||
| 942 | |2 ddc |c REF | ||
| 952 | |0 0 |1 0 |2 ddc |4 0 |5 1 |6 P_822_000000000000000_DRI |7 0 |9 25286 |a MAIN |b MAIN |d 2017-05-04 |e Prabodhachandra shekharam |o P 822 DRI |p 25667 |r 2017-05-04 |w 2017-05-04 |y REF | ||